[Event "Graz Open 2018"]
[Site "Graz"]
[Date "2018.02.19"]
[Round "4"]
[White "Nguyen, Piotr"]
[Black "Huber, Martin Christian"]
[Result "1/2-1/2"]
[WhiteElo "2421"]
[BlackElo "2364"]
[Annotator "TA RC"]
[PlyCount "81"]
[EventDate "2018.??.??"]
[EventType "swiss"]
[EventCountry "AUT"]
[SourceTitle "playchess.com"]
[Source "ChessBase"]
[SourceQuality "1"]

{[%evp 32,81,42,31,43,37,43,28,27,20,45,41,45,31,27,15,29,25,76,76,68,76,75,41,65,34,25,27,34,22,70,70,160,71,396,396,381,0,0,0,0,0,0,0,0,0,0,0,0,0,0,0]} 1. c4 g6 2. g3 Bg7 3. Bg2 Nf6 4. Nc3 O-O 5. e4 c5 6. Nge2 Nc6 7. d3 d6 8. O-O a6 9. h3 Rb8 10. a4 Ne8 11. Be3 Bd7 12. Rb1 Nd4 13. b4 {A36: Symmetrical English vs ...g6: 4 Bg2 Bg7} Nxe2+ (13... Nc7 14. a5 Nce6 15. Nd5 Nxe2+ 16. Qxe2 Nd4 17. Qa2 Bc6 18. f4 Bxd5 19. cxd5 b6 20. axb6 Qxb6 21. bxc5 Qxc5 {1-0 (65) Zubarev,A (2600)-Baryshpolets,A (2467) Alushta 2011}) 14. Nxe2 cxb4 15. Rxb4 b5 16. axb5 axb5 17. cxb5 {LiveBook: 7 Games. Hoping for b6.} Rxb5 18. Rxb5 Bxb5 19. Qb3 Qd7 20. Rc1 Nf6 21. Nd4 $146 Ba4 22. Qb4 e5 23. Ne2 Bb5 24. Nc3 Ba6 (24... Bc6 $1 $11 {remains equal.}) 25. Qb6 $16 Ra8 26. Ra1 $36 {[%mdl 2048] Black is under strong pressure.} Qc8 27. Qxd6 Ne8 $1 {[%cal Re8d6]} 28. Qc5 {And now Qxc8 would win.} (28. Qa3 {seems wilder.} Bf8 29. Qb3 Bxd3 30. Rxa8 Qxa8 31. Nd5) 28... Bxd3 29. Rxa8 Qxa8 30. Nd5 Qd8 31. Qc6 Qb8 (31... h5 $14) 32. Ba7 (32. Ne7+ $142 $1 Kh8 33. Qd5) 32... Qb5 $2 {[%mdl 8192] [#]} (32... Qd8 $16 {is more resistant.}) 33. Qc8 $1 $18 Qa4 {[#]} 34. Nc7 $2 (34. Ne7+ $1 $18 Kh8 35. Nc6) 34... Qxa7 $11 {The position is equal.} 35. Qxe8+ Bf8 36. Qxe5 Bc5 37. Qe8+ Kg7 38. Qe5+ Kg8 39. Qe8+ Kg7 40. Qe5+ Kg8 41. Qe8+ {Precision: White = 49%, Black = 39%.} 1/2-1/2

[Event "Graz Open 2018"]
[Site "Graz"]
[Date "2018.02.19"]
[Round "4"]
[White "Viani Antonio Dcunha, VA."]
[Black "Istratescu, Andrei"]
[Result "0-1"]
[WhiteElo "2402"]
[BlackElo "2595"]
[Annotator "TA"]
[PlyCount "86"]
[EventDate "2018.??.??"]
[EventType "swiss"]
[EventCountry "AUT"]
[SourceTitle "playchess.com"]
[Source "ChessBase"]
[SourceQuality "1"]

{[%evp 28,86,-48,-80,-104,-120,-83,-105,-84,-168,-152,-116,-106,-123,-125,-112,-117,-114,-104,-119,-119,-119,-119,-122,-120,-121,-123,-164,-157,-156,-166,-248,-249,-249,-242,-321,-294,-341,-337,-366,-383,-382,-379,-392,-369,-349,-231,-297,-303,-609,-611,-570,-428,-511,-510,-495,-495,-489,-474,-514,-514]} 1. e4 c5 2. Nf3 Nc6 3. Nc3 d6 4. d4 cxd4 5. Nxd4 Nf6 6. Bc4 e6 7. Bb3 a6 8. Be3 Qc7 9. Qe2 Na5 10. g4 b5 11. g5 Nd7 12. Bxe6 {B89: Sicilian: Velimirovic Attack} fxe6 13. Nxe6 Qc4 14. Nd5 Qxe2+ 15. Kxe2 {[#] LiveBook: 4 Games. aiming for Nec7+.} Rb8 (15... Kf7 16. Nd8+ Kg8 17. Rhg1 Ne5 18. Nf6+ gxf6 19. gxf6+ Bg4+ 20. Rxg4+ Nxg4 {0-1 (39) Zapata,A (2488)-Gupta,A (2627) Philadelphia 2012}) 16. f4 Nc6 $146 ({Find the theoretical novelty and annotate with similar games:} 16... Nc5 17. Nec7+ Kd8 18. Kf3 Nc4 19. Bd4 Rb7 {0-1 (48) Akotchik,V (2128)-Brandenburg,D (2436) Groningen 2008}) 17. Rad1 Nc5 18. Nec7+ (18. Nxc5 $17 Bg4+ 19. Kf2 dxc5 20. Rd2) 18... Kf7 19. Kf3 Ne6 20. h4 Nxc7 21. Nxc7 Bb7 22. h5 Be7 23. Nd5 Rhe8 24. Rdg1 Kg8 25. Rd1 Bd8 26. h6 g6 27. b3 Rc8 {...Nb4! is the strong threat.} 28. Rh2 Nb8 29. Bd4 (29. Rhd2 {might work better.}) 29... Bxd5 $19 30. exd5 Nd7 31. Rdd2 Bb6 32. Bxb6 Nxb6 33. Rhe2 Kf7 34. Rxe8 Rxe8 {[%mdl 4096] Endgame KRN-KR} ({Weaker is} 34... Kxe8 35. Ke3 $19) 35. c4 bxc4 36. bxc4 Na4 37. Rd1 Rb8 38. f5 $2 {[#]} (38. Rd2) 38... gxf5 {Black is clearly winning.} 39. Kf4 Re8 40. Kxf5 Re5+ 41. Kf4 Kg6 42. Rb1 Rf5+ 43. Ke3 Kxg5 {Precision: White = 32%, Black = 88%.} 0-1

[Event "Graz Open 2018"]
[Site "Graz"]
[Date "2018.02.19"]
[Round "4"]
[White "Tomczak, Mikolaj"]
[Black "Nevednichy, Vladislav"]
[Result "1/2-1/2"]
[WhiteElo "2383"]
[BlackElo "2551"]
[Annotator "TA"]
[PlyCount "123"]
[EventDate "2018.??.??"]
[EventType "swiss"]
[EventCountry "AUT"]
[SourceTitle "playchess.com"]
[Source "ChessBase"]
[SourceQuality "1"]

{[%evp 26,123,11,6,15,0,0,0,25,25,20,16,18,15,27,25,55,58,64,60,52,49,43,10,7,0,0,0,7,0,11,14,17,0,0,0,0,0,0,0,0,-77,-66,-65,-73,-103,-103,-103,-103,-103,-103,-103,-103,-103,-103,-103,-103,-103,-103,-103,-103,-103,-103,-103,-103,-103,-103,-103,-103,-103,-103,-103,-103,-103,-103,-103,-103,-103,-103,-103,-103,-103,-103,-103,-103,-103,-103,-103,-103,-103,-103,-103,0,0,0,0,0,0,0,0]} 1. Nf3 d5 2. d4 Nf6 3. c4 e6 4. Nc3 Nbd7 5. cxd5 exd5 6. Bg5 c6 7. e3 Be7 8. Bd3 O-O 9. Qc2 Re8 10. O-O h6 11. Bh4 Ne4 12. Bxe7 Qxe7 13. Rab1 Ndf6 14. b4 {LiveBook: 6 Games} Bf5 {D36: Queen's Gambit Declined: Exchange Variation: Main line (5 Bg5 c6 6 Qc2)} 15. Rfc1 (15. Nd2 Nxc3 16. Qxc3 Bxd3 17. Qxd3 a6 18. a4 Rec8 19. Rfc1 Ne8 20. b5 cxb5 21. Rxc8 Rxc8 22. axb5 {½-½ (64) Nguyen,T (2347)-Zhou,J (2619) Ho Chi Minh City 2017}) 15... a6 16. a4 Ng4 $146 ({Predecessor:} 16... Nxc3 17. Qxc3 Ne4 18. Qc2 {½-½ (55) May,L-Sukandar,I Ho Chi Minh City 2003}) 17. Bxe4 Bxe4 18. Nxe4 dxe4 19. Nd2 Qh4 20. Nf1 Re6 21. h3 Nf6 22. b5 axb5 23. axb5 Nd5 24. Qd2 Rg6 25. bxc6 (25. Kh2 {feels hotter.} h5 26. Ng3 f5 27. Rc5 Qg5 28. Rg1) 25... bxc6 26. Ng3 Qg5 27. Kh2 h5 {[#] aiming for ...h4.} 28. Rg1 $1 Re8 29. Rbc1 Nf6 {[%cal Bd5f6,Bf6g4,Bg4f2][%mdl 32]} 30. Kh1 Ng4 31. Rc5 Nxf2+ $1 32. Qxf2 Qxg3 33. Qxg3 (33. Qe2 $11) 33... Rxg3 $11 {[%mdl 4096] Endgame KRR-KRR} 34. Re1 Rb8 35. Re2 Rb3 36. Re5 Rgxe3 37. Rxe4 Rxe2 38. Rxe2 $17 {KR-KR} Rc3 39. Re8+ Kh7 40. Rc8 Rc4 41. Rd8 Kg6 42. d5 c5 43. d6 Kf6 44. Re8 Rd4 45. Rc8 Rxd6 {Strongly threatening ...Rd5.} 46. Rxc5 h4 47. Kg1 g5 48. Kf2 Kg6 49. Rc8 Kf5 50. Rc5+ Kf4 51. Rc4+ {[#]} Ke5 $1 52. Ke3 f5 53. Rc5+ Rd5 54. Rc8 Ra5 55. Re8+ Kf6 {White must now prevent ...Re5+.} 56. Rf8+ Kg7 57. Rb8 Ra3+ 58. Kf2 g4 ({Better is} 58... Ra6 $17 59. Kf3 Kf6) 59. hxg4 $11 {The position is equal.} fxg4 60. Rb4 g3+ 61. Ke2 Ra2+ 62. Kf3 {Precision: White = 71%, Black = 77%.} 1/2-1/2

[Event "Graz Open 2018"]
[Site "Graz"]
[Date "2018.02.19"]
[Round "4"]
[White "Ongut, Tamas Gunes"]
[Black "Socko, Monika"]
[Result "1-0"]
[WhiteElo "2211"]
[BlackElo "2482"]
[Annotator "TA"]
[PlyCount "93"]
[EventDate "2018.??.??"]
[EventType "swiss"]
[EventCountry "AUT"]
[SourceTitle "playchess.com"]
[Source "ChessBase"]
[SourceQuality "1"]

{[%evp 35,93,30,42,37,47,54,79,50,65,29,28,16,16,22,23,21,35,16,0,0,39,28,40,13,31,14,31,44,56,7,45,22,30,24,29,0,48,55,71,47,47,41,40,45,211,190,273,239,248,240,247,219,302,300,309,303,267,260,912,939]} 1. e4 c5 2. Nf3 Nc6 3. d4 cxd4 4. Nxd4 g6 5. c4 Bg7 6. Be3 Nf6 7. Nc3 O-O 8. Be2 d6 9. O-O Bd7 10. Qd2 Nxd4 11. Bxd4 Bc6 12. f3 a5 13. b3 Nd7 14. Be3 Nc5 15. Rab1 e6 16. Rfd1 {B38: Sicilian: Maroczy Bind with 5...Bg7 and 7...0-0} (16. a3 Be5 17. b4 axb4 18. axb4 Ra3 19. bxc5 Rxc3 20. f4 Bg7 21. e5 dxe5 22. Qxc3 exf4 23. Qd2 Qg5 {0-1 (43) Bu,X (2730)-Savchenko,B (2566) Riadh 2017}) 16... Be5 17. g3 Qe7 18. Nb5 Rfd8 {LiveBook: 3 Games} 19. Nd4 Bf6 $146 ({Predecessor:} 19... Be8 20. Rbc1 b6 21. Bf1 Rac8 22. Bg2 Bg7 23. Re1 Qf8 24. Bh3 Qe7 25. Rcd1 Bd7 26. Bg2 Be8 27. Bh3 Bd7 {½-½ (27) Ftacnik,L (2571)-Martinez Duany,L (2465) Caldas da Rainha 2014}) 20. Bf1 e5 21. Nb5 Ne6 22. Nc3 ({Wrong is} 22. Nxd6 $2 Nd4 $19) 22... Bg5 23. f4 exf4 24. gxf4 Bh6 25. Bg2 Nc5 {[%cal Rc5e4]} 26. Nd5 Bxd5 $1 27. Qxd5 Rac8 28. Rf1 Re8 29. Rbe1 b6 30. Bc1 Ne6 31. Qd1 {[#] Black must now prevent f5.} Qh4 {[%cal Rh6f4]} 32. Qf3 (32. f5 {keeps more tension.} Nf4 33. Qf3 g5 34. Bxf4 gxf4 35. Rd1) 32... Rc7 33. Qg3 Qxg3 34. hxg3 Nc5 35. Rd1 Nxe4 36. Rfe1 $36 {[%mdl 2048] White has good play.} Rce7 37. Rxe4 Rxe4 38. Bxe4 Rxe4 $16 {[%mdl 4096] Endgame KRB-KRB} 39. Kf2 a4 $2 {[#]} ({Black should try} 39... Bf8 $14) 40. Rxd6 $18 axb3 (40... f5 $142 41. Rxb6 Bf8) 41. axb3 Bf8 42. Rxb6 Bc5+ 43. Kf3 Re1 44. Rb8+ Kg7 45. Bb2+ Kh6 {intending ...Re3+.} 46. Bf6 Rf1+ $2 (46... Re3+ 47. Kg4 Re6) 47. Kg4 {Precision: White = 60%, Black = 27%.} 1-0

[Event "Graz Open 2018"]
[Site "Graz"]
[Date "2018.02.20"]
[Round "5"]
[White "Istratescu, Andrei"]
[Black "Gumularz, Szymon"]
[Result "1/2-1/2"]
[WhiteElo "2595"]
[BlackElo "2450"]
[Annotator "TA"]
[PlyCount "51"]
[EventDate "2018.??.??"]
[EventType "swiss"]
[EventCountry "AUT"]
[SourceTitle "playchess.com"]
[Source "ChessBase"]
[SourceQuality "1"]

{[%evp 24,51,20,14,12,15,11,0,16,0,0,0,2,0,0,0,0,0,8,0,0,0,0,0,0,0,9,0,0,0]} 1. d4 Nf6 2. c4 e6 3. Nf3 b6 4. g3 Bb7 5. Bg2 Be7 6. O-O O-O 7. Re1 Na6 8. Nc3 Ne4 {E18: Damenindisch (Hauptfortsetzung)} (8... d5 9. cxd5 exd5 10. Bf4 Re8 11. Rc1 c5 12. dxc5 Nxc5 13. Nd4 a6 14. a3 Bf8 15. b4 Ne6 16. Nxe6 fxe6 17. Na4 Rc8 18. Rxc8 Qxc8 19. Qd4 b5 {0-1 (82) Nakamura,H (2787)-Carlsen,M (2853) chess.com INT 2016}) 9. Nxe4 Bxe4 10. Ne5 Bxg2 11. Kxg2 c5 12. d5 Qc7 13. Nf3 {LiveBook: 6 Partien. Die Stellung ist ausgeglichen.} exd5 14. Qxd5 Nb4 15. Qd1 (15. Qf5 {seems wilder.} Rfe8 16. Bf4 d6 17. a3 g6 18. Qb1) 15... Bf6 {[#]} 16. e4 $146 ({Vorgänger:} 16. Bf4) 16... d6 17. a3 Nc6 18. Bf4 Rad8 19. Bg5 Bxg5 20. Nxg5 Rfe8 21. Nf3 Re6 22. Qd5 Rde8 23. Rad1 h6 24. Re3 Rf6 25. Qd2 Rfe6 26. Qd5 {Precision: Weiß = 58%, Schwarz = 63%.} 1/2-1/2

[Event "Graz Open 2018"]
[Site "Graz"]
[Date "2018.02.20"]
[Round "5"]
[White "Nevednichy, Vladislav"]
[Black "Kanmazalp, Ogulcan"]
[Result "1-0"]
[WhiteElo "2551"]
[BlackElo "2477"]
[Annotator "TA"]
[PlyCount "105"]
[EventDate "2018.??.??"]
[EventType "swiss"]
[EventCountry "AUT"]
[SourceTitle "playchess.com"]
[Source "ChessBase"]
[SourceQuality "1"]

{[%evp 23,105,0,7,-25,0,0,47,41,77,75,69,77,110,62,89,78,76,62,58,61,68,71,52,52,47,33,54,11,16,19,10,11,18,22,75,0,0,0,36,25,35,40,179,0,228,235,359,58,402,395,401,390,367,328,872,681,552,552,536,468,553,250,252,265,204,221,179,183,284,282,406,401,356,335,406,184,569,530,766,796,29991,29992,29993,29994]} 1. e4 e6 2. d4 d5 3. Nc3 Bb4 4. e5 c5 5. a3 Ba5 6. b4 cxd4 7. Nb5 Bc7 8. f4 Bd7 9. Nf3 Bxb5 {C18: French: 3 Nc3 Bb4: Main line: 7 h4 and 7 Qg4} 10. Bxb5+ Nc6 11. O-O (11. Nxd4 Nge7 12. O-O O-O 13. Nxc6 bxc6 14. Bd3 a5 15. Rb1 axb4 16. axb4 f6 17. exf6 Rxf6 {½-½ (33) Safarli,E (2626)-Kazhgaleyev,M (2596) Al Ain 2012}) 11... Bb6 12. Bd3 Nge7 {LiveBook: 4 Games} 13. g4 $146 ({Find the theoretical novelty and annotate with similar games:} 13. Kh1 Qd7 14. Rb1 h5 15. a4 a5 16. bxa5 Bxa5 17. f5 Nxf5 18. Bxf5 exf5 19. Nxd4 Nxd4 20. Qxd4 {½-½ (145) Pacher,M (2471)-Videki,S (2400) Austria 2015}) 13... g6 14. Bd2 h5 15. h3 $1 hxg4 16. hxg4 Kd7 17. Kg2 {[%mdl 1024] White has compensation.} Qg8 18. Qe2 Qh7 {[#] ...Qh3+ is the strong threat.} 19. Rh1 Qg7 20. Rag1 Rxh1 21. Rxh1 Rh8 22. Rxh8 Qxh8 23. Be1 Qh6 24. Qd2 a6 25. Bf2 Nc8 26. a4 {[%cal Ba3a4,Ba4b5][%mdl 32]} Qf8 $1 27. b5 axb5 28. axb5 Na5 (28... Nb4 $11 {keeps the balance.}) 29. f5 (29. Nxd4 $16 Qe7 30. c3) 29... gxf5 $11 30. gxf5 {[%cal Bg4f5,Bf5f6][%mdl 32]} Qg8+ 31. Kh3 Qh8+ 32. Kg4 Ne7 (32... Ke8 $14) 33. Qg5 $2 (33. f6 $18) 33... Nc4 $2 (33... Nxf5 $11 {and Black has nothing to worry.} 34. Bxf5 Bd8) 34. f6 $18 Qh1 (34... Bc5 {keeps fighting.} 35. fxe7 (35. Bxd4 Bxd4 36. Nxd4 Qh2 $14) 35... Ne3+ 36. Bxe3 dxe3) 35. Kg3 $2 ({Only move:} 35. fxe7 $18 Qg2+ 36. Bg3 Ne3+ 37. Kf4) 35... Nf5+ $2 {[%mdl 8192]} (35... Nc8 $14) 36. Bxf5 exf5 37. Qxf5+ Kc7 38. e6 Nd6 $2 (38... fxe6 39. Qf4+ (39. Qxe6 Bc5 $16) 39... Kd7) 39. Qf4 Kc8 40. exf7 (40. Qxd6 Bc7 $11) 40... Nxf7 41. Qg4+ Kb8 42. Bxd4 (42. Qg8+ $142 Nd8 43. Bxd4 Bc7+ 44. Kf2) 42... Bc7+ 43. Kf2 {Threatens to win with Qg8+.} Qh7 44. Kg1 b6 45. Qe6 {Strongly threatening Ne5.} Qg6+ (45... Nd8 {might work better.} 46. Qxd5 Qxc2) 46. Kf1 Qh5 {[#]} (46... Nd8 $142 47. Qxd5 Qxc2) 47. Qe8+ $1 Ka7 48. Ke2 Qh7 49. Kd1 ({Not} 49. Qc6 Nd8 $18) (49. Kd2 $142) 49... Nd6 $2 (49... Qh5 {is tougher.}) 50. Qc6 Ne4 51. Kc1 Qf7 52. Ne5 Bxe5 53. Qxb6+ {Precision: White = 43%, Black = 32%.} 1-0

[Event "Graz Open 2018"]
[Site "Graz"]
[Date "2018.02.20"]
[Round "5"]
[White "Bao, Qilin"]
[Black "Socko, Bartosz"]
[Result "0-1"]
[WhiteElo "2426"]
[BlackElo "2593"]
[Annotator "TA"]
[PlyCount "54"]
[EventDate "2018.??.??"]
[EventType "swiss"]
[EventCountry "AUT"]
[SourceTitle "playchess.com"]
[Source "ChessBase"]
[SourceQuality "1"]

{[%evp 14,54,0,0,15,0,18,0,0,-6,27,17,27,25,33,0,0,0,40,0,10,0,0,0,0,0,-8,-190,-176,-177,-187,-195,-202,-163,-70,-647,-648,-793,-845,-828,-839,-993,-898]} 1. d4 Nf6 2. Bf4 g6 3. e3 Bg7 4. Nf3 d6 5. h3 O-O 6. c3 Nc6 7. Be2 {A48: 1 d4 Nf6 2 Nf3 g6: Torre, London and Colle Systems} Re8 (7... Nd7 8. Bh2 e5 9. Nbd2 f5 10. dxe5 dxe5 11. b4 Qe7 12. O-O g5 13. Qb3+ Kh8 14. b5 {1-0 (61) Kuzubov,Y (2695)-Firouzja,A (2549) Amol 2018}) 8. O-O {LiveBook: 3 Games} Bf5 9. Bh2 {The position is equal.} a6 $146 ({Find the theoretical novelty and annotate with similar games:} 9... e5 10. dxe5 Nxe5 11. Na3 Qe7 12. Nxe5 dxe5 13. Nc4 Nd7 14. Bg4 Bxg4 15. Qxg4 {0-1 (45) Protaziuk,G (2344)-Socko,B (2594) Poland 2016}) 10. a4 e5 {[%cal Be7e5,Be5e4][%mdl 32]} 11. Na3 e4 12. Nd2 h5 13. b4 Qd7 14. Qb3 Ne7 15. b5 g5 {[%cal Bg6g5,Bg5g4,Bg4h3,Bh3g2][%mdl 32]} 16. Rfb1 Ng6 17. Nac4 {Black should prevent b6.} Bf8 $1 18. bxa6 bxa6 19. Qd1 g4 20. Rb7 $2 (20. hxg4 $11 {and White is okay.} Nxg4 21. Bxg4 Bxg4 22. Qe1) 20... gxh3 $19 21. Rab1 {[#] Threatens to win with Nb6!} Qc8 22. Bxh5 hxg2 23. Be2 Be6 ({Black should try} 23... Bd7 $19 {And now ...Bc6 would win.} 24. Kxg2 Nd5) 24. R7b3 $2 {[%mdl 8192]} (24. Kxg2 $15 Bd5 25. R7b2) 24... Bxc4 {Black is clearly winning.} 25. Bxc4 Qh3 26. Be2 d5 {[#] ( -> ...Bd6)} 27. f3 Nh4 {Precision: White = 35%, Black = 50%.} 0-1

[Event "Graz Open 2018"]
[Site "Graz"]
[Date "2018.02.20"]
[Round "5"]
[White "Chakravarthi Reddy, M."]
[Black "Sebenik, Matej"]
[Result "0-1"]
[WhiteElo "2380"]
[BlackElo "2557"]
[Annotator "TA"]
[PlyCount "98"]
[EventDate "2018.??.??"]
[EventType "swiss"]
[EventCountry "AUT"]
[SourceTitle "playchess.com"]
[Source "ChessBase"]
[SourceQuality "1"]

{[%evp 16,98,10,11,17,-86,-86,-84,-76,-83,-36,-63,-49,-38,-31,-48,-42,-41,-47,-36,-42,-47,-41,-67,-68,-68,-68,-68,-68,-68,-70,-60,-65,-69,-68,-84,-74,-97,-98,-95,-94,-126,-106,-112,-108,-110,-121,-121,-108,-115,-99,-171,-163,-225,-230,-282,-257,-267,-266,-262,-231,-243,-233,-229,-219,-202,-130,-170,-176,-155,-146,-501,-499,-428,-497,-495,-480,-485,-473,-457,-484,-457,-408,-352,-326]} 1. d4 Nf6 2. c4 e6 3. Nf3 d5 4. Nc3 Bb4 5. Qa4+ Nc6 6. Ne5 Bd7 7. Nxd7 Qxd7 8. e3 e5 {D38: Queen's Gambit Declined: Ragozin Defence (4 Nf3 Bb4)} (8... O-O 9. a3 Bxc3+ 10. bxc3 e5 11. Be2 Rfe8 12. Bb2 dxc4 13. Qxc4 Na5 14. Qb4 b6 15. dxe5 Nc6 16. Qf4 Nxe5 {1-0 (61) Jakovenko,D (2738)-Giri,A (2776) Khanty-Mansiysk 2015}) 9. a3 {LiveBook: 3 Games} exd4 10. exd4 (10. axb4 $11 dxc3 11. bxc3) 10... Bxc3+ $1 $17 {Black is better.} 11. bxc3 O-O $1 12. Be2 Rfe8 13. Be3 $146 ({Find the theoretical novelty and annotate with similar games:} 13. Ra2 Qg4 14. Kf1 Qe6 15. c5 Ne4 16. Qc2 {0-1 (30) Zielinski,M-Mele France 1949}) 13... dxc4 14. Bxc4 Nd5 15. Bxd5 Qxd5 16. O-O Na5 17. Bf4 c6 18. Rfe1 b6 19. Qb4 Re6 20. Rxe6 Qxe6 21. Qd6 Qxd6 22. Bxd6 $15 {[%mdl 4096] Endgame KRB-KRN} Nc4 23. Bf4 Re8 24. Kf1 f6 25. a4 Kf7 26. Ra2 Ke6 27. Re2+ Kd7 $1 28. Ra2 Re4 29. g3 g5 30. f3 Re7 31. Bc1 Kd6 32. a5 b5 ({Reject} 32... Nxa5 $6 33. Ba3+ c5 34. Bxc5+ $1 {[%mdl 512]} bxc5 35. Rxa5 $11) 33. Kf2 (33. a6 $17) 33... a6 $19 34. h4 {[#]} (34. g4 {was necessary.}) 34... gxh4 $1 35. gxh4 {[#]} h5 $1 36. Bh6 {aiming for Bf8.} Kd5 37. Bf8 Re8 38. Bc5 Ne3 39. Ra1 {Black must now prevent Re1.} Nf5 40. Rg1 Rh8 41. Re1 Nxh4 42. Re7 Nf5 43. Ra7 $2 {[%mdl 8192]} (43. Rd7+ $17 {is a better chance.} Kc4 44. Rc7) 43... h4 {[%cal Bh5h4,Bh4h3][%mdl 32] And now ...h3 would win.} 44. Kg2 h3+ 45. Kh2 Ne3 46. Rd7+ Kc4 47. Rc7 Nf1+ 48. Kh1 h2 {( -> ...Ng3+)} 49. Bd6 Kd5 {Precision: White = 51%, Black = 90%.} ({Less strong is} 49... Kxc3 50. Rxc6+ Kd3 51. Rxa6 $17) 0-1

[Event "Graz Open 2018"]
[Site "Graz"]
[Date "2018.02.20"]
[Round "5"]
[White "Horvath, Dominik"]
[Black "Deac, Bogdan-Daniel"]
[Result "0-1"]
[WhiteElo "2369"]
[BlackElo "2549"]
[Annotator "TA"]
[PlyCount "146"]
[EventDate "2018.??.??"]
[EventType "swiss"]
[EventCountry "AUT"]
[SourceTitle "playchess.com"]
[Source "ChessBase"]
[SourceQuality "1"]

{[%evp 18,146,29,34,39,6,29,0,26,-12,-12,-12,-11,-11,-13,-23,-11,-38,-23,-33,-12,-16,-8,-13,-9,-22,0,0,-12,-32,-22,-20,0,0,0,0,0,-72,0,0,0,0,3,0,3,0,0,0,0,0,0,0,0,0,0,0,0,0,0,-27,-18,-33,-27,-31,0,-26,-30,-40,-15,-23,-16,-41,-17,-39,-34,-42,-1,-6,0,-31,0,-24,0,-53,0,-47,0,-49,4,-39,-32,-85,-21,-49,-25,-16,0,-24,0,-27,-22,-35,-18,-35,0,0,0,-33,-4,-17,0,-20,-16,-22,-25,-143,-151,-143,-129,-395,-403,-399,-404,-389,-402,-402,-400,-402,-392,-774,-779]} 1. Nf3 d5 2. d4 Nf6 3. c4 e6 4. Nc3 a6 5. cxd5 exd5 6. Bg5 {D37: Queen's Gambit Declined: 5 Bf4} Be6 7. e3 Nbd7 8. Bd3 Bd6 9. O-O (9. Bf4 Qe7 10. O-O O-O 11. h3 Rfe8 12. Qc2 {½-½ (12) Aronian,L (2805)-Carlsen,M (2837) Riadh 2017}) 9... c6 10. Bf4 {LiveBook: 7 Games} Qc7 11. Bg3 O-O 12. Qc2 h6 $146 ({Predecessor:} 12... Rae8 13. b4 Bg4 14. Nd2 Bh5 15. a4 {½-½ (56) Berkovich,D (2400)-Shabalov,A (2590) New York 1993}) 13. a4 Bxg3 14. hxg3 a5 15. Rab1 Qd6 16. Nh4 Rfe8 17. Nf5 Bxf5 18. Bxf5 Nf8 19. Na2 {[%cal Bc3a2,Ba2b4,Bb4d3,Bd3f4][%mdl 32]} g6 20. Bd3 h5 21. Be2 Ra7 22. b4 axb4 23. Nxb4 Ne6 24. Nd3 Nd7 25. Rfc1 Qe7 26. Nf4 Ndf8 27. Rb6 {[#]} (27. Rb2 $11 {keeps the balance.}) 27... Rea8 (27... h4 $1 $17 {[%cal Rh4g3]} 28. Nxe6 Nxe6 29. gxh4 Nxd4) 28. Rcb1 Nd8 29. R6b4 Kg7 30. Nd3 Nd7 {[%cal Bf8d7,Bd7f6,Bf6e4][%mdl 32]} 31. Nf4 Nf6 32. Nd3 Ne4 33. Bf3 Ng5 34. Bd1 Nge6 35. Ne5 Ng5 36. Nd3 Ne4 37. Bf3 Nd6 38. Ne5 Ne6 39. Bd1 Ng5 40. Be2 Ne6 41. Bd3 {[%cal Rd3g6]} Nf8 42. R1b2 Qe6 43. Rb1 Nd7 44. Nf3 Qf6 45. R1b2 Ra5 46. Rb1 Nf8 47. Ne5 R5a7 48. R1b2 Qe6 49. Rb1 Nd7 50. Nf3 Qf6 51. R1b2 Ra5 52. Rb1 Rc8 (52... Qe7 $15) 53. Qd2 {[#] Threatens to win with Rxb7.} (53. Rxb7 $5 Nxb7 54. Rxb7 $11) 53... Ra7 54. Qb2 (54. Qe1 $15) 54... Nf8 (54... c5 $17 55. dxc5 Qxb2 56. R1xb2 Nxc5) 55. Qc2 Rca8 56. Ne5 Ne6 57. Nf3 Ra5 58. R1b2 Rc8 59. Qd2 Ra7 60. Rb1 Rh8 61. Qc2 Rc8 62. Qd2 Rc7 63. Qb2 c5 (63... Ng5 {is interesting.} 64. Nd2 Qe7 65. Nb3 Nde4 66. Nc1 Ra8) 64. dxc5 (64. Rb6 {is more complex.} Nc8 65. Rb5 Rxa4 66. Rxb7 c4 67. Bc2) 64... Qxb2 65. R1xb2 Nxc5 66. Bb5 (66. Bc2 $1 $11) 66... Nxb5 $17 67. Rxb5 Nxa4 68. R2b3 $2 {[%mdl 8192]} (68. Ra2 $17) 68... Nc3 $19 69. Rb6 Ra1+ 70. Kh2 Ne4 {Strongly threatening ...Rcc1.} 71. Rb1 Rxb1 72. Rxb1 Nxf2 73. Rb3 $2 (73. Ne5) 73... Ng4+ {Precision: White = 33%, Black = 45%.} 0-1